| 000 | 00664nam a2200217 a 4500 | ||
|---|---|---|---|
| 001 | 000037790 | ||
| 003 | DO-SdBNP | ||
| 005 | 20250307073710.0 | ||
| 007 | ta | ||
| 008 | 130306s1989 dr 000 0 spa d | ||
| 040 |
_aDO-SdBNP _bspa _cBNPHU _erda |
||
| 082 | 1 |
_222 _axxx _bxxx |
|
| 100 | 1 |
_aHenríquez Ureña, Pedro, _d1884-1946 _91718 |
|
| 245 | 1 | 0 |
_aJuan Ruiz de Alarcón dramaturgo méxicano / _cPedro Henriquez Ureña. |
| 264 | 4 |
_aSanto Domingo : _beditor no identificado, _c1989. |
|
| 300 |
_a26 páginas ; _c22 cm. |
||
| 336 |
_atexto _btxt _2rdacontent |
||
| 337 |
_asin mediación _bn _2rdamedia |
||
| 338 |
_avolumen _bnc _2rdacarrier |
||
| 942 |
_2ddc _cLF2 |
||
| 999 |
_c37280 _d37280 |
||